000 00550nam a22001217a 4500
008 230609b xxu||||| |||| 00| 0 eng d
082 _a354.676
_bGok
110 _bGOK
245 _a2008/2009 Supplementary Estimates (Development Expenditure)
_bEstimates of further sums Required to be voted for the service of the year ending 30th June, 2009
_cVolume I(D01-D22)
_hThese estimates supersede the Estimates by the same Title tabled before the National Assembly on the 22 nd April 2009
260 _aKenya
_bGok
_cApril 2009
300 _a604p
942 _2ddc
_cBK
999 _c906
_d906